| 000 | 00982nam a22002417a 4500 | ||
|---|---|---|---|
| 999 |
_c11386 _d11386 |
||
| 003 | AR-CdUCM | ||
| 008 | 190403b ||||| |||| 00| 0 spa d | ||
| 040 |
_aMUNICIPALIDAD PROVINCIAL DEL CUSCO _cBIBLIOTECA MUNICIPAL DEL CUSCO |
||
| 082 |
_a616.951 / _bF78 |
||
| 100 |
_aFournier, Alfred. _928716 |
||
| 245 |
_aLa sífilis : _bLa tragedia biológica de la mujer / |
||
| 260 |
_aBuenos Aires : _bClaridad. |
||
| 300 |
_a158 paginas ; _c17 cm. |
||
| 440 |
_aSegunda serie _nVolumen 31 _928717 |
||
| 505 | _aContenido : Conformación y desarrollo de los órganos genitales masculinos - Procreación y fecundación -- Higiene sexual del niño y el adolescente -- Higiene matrimonial -- Higiene sexual del niño y del adolescente... | ||
| 650 |
_aEnfermedades de transmisión sexual _928718 |
||
| 650 |
_aSifilis _928719 |
||
| 650 |
_aHigiene personal _919430 |
||
| 650 |
_aBiología del sexo _928720 |
||
| 700 |
_aNemilow, A. W. _928721 |
||
| 942 |
_2ddc _cLIBROS |
||
| 945 | _awnts | ||